01269agaaa2200253 45000010005000000030009000050050017000140070009000310080040000400400023000801000051001031300022001542450111001762500022002872600096003093000033004055080034004385110063004725200271005355380016008066500070008227000063008927000060009556629IT-RoPAU20220918181246.0d cvaizq50131s9999||||xx ||| | || ||und|| aIT-RoPAUcIT-RoPAU aProkofiev SergiejgCodice regista SPICS: 11086 aPIERINO E IL LUPO aPIERINO E IL LUPOcDiretto da: Prokofiev SergiejpPIERINO E IL LUPO (Rif. Codice opera principale : C6629) aEdizione Standard aGERMANY (GERMANIA)bDEUTSCHE GRAMMOPHON / g"1993 (1° ed.: 1993 ; Ed. Lingua Orig.: n.d.)" aVHSbsonoro, col.c42 minuti a"Musica: Prokofiev Sergiej; " a"Narratore:Roberto; Benigni; Diretta; Da; Claudio; Abbado" aPIERINO E IL LUPO E' CONSIDERATO DA MOLTO TEMPO UN CLASSICO MA PRIMA D'ORANON AVEVA MAI POTUTO BENEFICIARE DI UN SUPPORTO VISIVO COSI' ORIGINALE E DIVERTENTE. ANATRA UBRIACONA, GATTO SOFISITCATO E SCHIZOFRENICO, UN TERRIFICANTE LUPO. THE CHAMBER ORCHESTRA OF EUROPE. aPAL, STEREO aFIABA MUSICALEeTV-TEATRO/DANZA [VHS]xCodice MATERIA SPICS: 9961 aProkofiev Sergiej e(regista)gCodice regista SPICS: 11086 aProkofiev Sergieje(musica)gCodice Musica SPICS: 11086